[Event "FRA-chT U20 0405"]
[Site "Lyon"]
[Date "2004.12.18"]
[Round "4.1"]
[White "Azzegag, Jocelyn"]
[Black "Dourerassou, Jonathan"]
[Result "0-1"]
[WhiteElo "1199"]
[BlackElo "2345"]
[PlyCount "52"]
[EventDate "2004.11.??"]
[EventType "team"]
[EventRounds "7"]
[EventCountry "FRA"]
[SourceTitle "EXT 2006"]
[Source "ChessBase"]
[SourceDate "2005.11.24"]
[SourceVersion "1"]
[SourceVersionDate "2005.11.24"]
[SourceQuality "1"]
[WhiteTeam "Nancy"]
[BlackTeam "Creteil"]
[WhiteTeamCountry "FRA"]
[BlackTeamCountry "FRA"]

1. e4 c5 2. d3 e6 3. Nf3 Nc6 4. g3 d5 5. Nbd2 g6 6. Bg2 Bg7 7. 0-0 Nge7 8. c3 d4 9. c4 0-0 10. Nb3 b6 11. Bf4 e5 12. Bg5 h6 13. Bxe7 Qxe7 14. Re1 Be6 15. Nfd2 Qd7 16. f4 exf4 17. gxf4 Bh3 18. Qe2 Nb4 19. Qf3 Bg4 20. Qg3 Nc2 21. Bh3 Bxh3 22. Kf2 Rae8 23. Nf3 Nxa1 24. Nxa1 Qg4 25. Rg1 Qxg3+ 26. Rxg3 Bd7 0-1